000 04503nam a22002177a 4500
003 OSt
005 20260407130741.0
008 260407b |||||||| |||| 00| 0 eng d
040 _aLC
_bENG
_cLC
_dABK
_eRDA
082 _223 rd ed.
_a348.044
_bHIG
245 _aThe high court bulletin cited [2009] H.C.B Vol. 1 :
_b(a digest of judgement and orders of the supreme court of Uganda, the court of appeal of Uganda, the court constitutional court of Uganda and the high court of Uganda /
_cDidas Bakunzi Mufasha, Rose Kawesi Nalule, Muwada Nkunyingi
260 _aKampala, Uganda :
_bLaw Development Centre,
_cJanuary/December 2009.
300 _axxviii, 84 pages ;
_c28 cm.
505 _aATTORNEY GENERAL Vs. SENKALI GEORGE AND 4506 OTHERS (SC).......... 3 ATTORNEY GENERAL Vs. SUSAN KIGULA AND 417 0THERS (SC)... .11 ATTORNEY GENERAL Vs. VIRCHAND MITHALAL & SONS LIMITED (SC).......8 BULUGENI MUSA Vs. VINCENT ROBERT NTAMBI (HC)... . .61 CRAMMAR SAJJABI IMAKA AND ANOTHER Vs. KA WUNE WAKHOOLI AND 2 OTHERS (CC)... .48 DHIKUSOOKA MAJID AND 21 OTHERS Vs. ATTORNEY GENERAL (CC)...4 DR. AHMED MUHAMMED KISSULE Vs. GREENLAND BANK LTD (IN LIQUIDATION) (CA)...32 DR. KASIRIVU ATWOOKI AND 4 OTHERS Vs GRACE BAMURANGYE BOROROZA AND 3 OTHERS (CA).. .42 EDWARD RURANGARANGA AND MBARARA MUNICIPAL COUNCI Vs. HORIZON COACHES LIMITED (SC).... ...25 ELECTORAL COMMISSION Vs. NANGIRO JOHN (CA).... .40 EMILY SUSANNE DYK WISSANJA Vs. ZAHID ASAFALI WISSANJA (HC).......70 EMMANUEL KIMOTE MULIND WA Vs. TOMUSANGE EMMANUEL AND NABISUBI NORAH (HC). ..75 201 FORMMER EMPLOYEES OF G4 SECURITY SERVICES Vs. G4 SECURITY SERVICES UGANDA LIMITED (HC)..... .83 GAPCO (U) LIMITED Vs. A.S TRANSPORTERS LIMITED (SC).... .6 GEORGE TUHIRIR WE Vs. CAROLINA RWAMUHANDA (SC).. ...20 IN THE MATTER OF ALAN HODGKINS (AN INFANT) (AN APPLICATION FOR LEGAL GUARDIANSHIP BY JAMES FRANKLIN HAMMOND AND HEATHER LEE HAMMOND) (HC)..... .50 IN THE MATTER OF JAMES KAGGWA (AN INFANT) (APPLICATION FOR GAURDIANSHIP BY JAMES HESLEP AND CAREY HELSEP) (HC).....77 IN THE MATTER OF MICHAEL ETHAN ROUSSOS (MINOR), VICTOR NICHOLAS ROUSSOS (MINOR) AND DAPHNE GENEVIEVE ROUSSOS (MINOR) (APPLICATION FOR LEGAL GUARDIANSHIP BY CLARE PAGLIUCOLI MUGISHA (MỘTHER) (HC)….66 IN THE MATTER OF OJA MARTIN KENYI PETER (A MINOR) APPLICATION FOR GUARDIANSHIP BY MARTIN TERENSIO LEMO KENYI (FATHER OF THE MINOR) (HC)..... ..68 IN THE MATTER OF RHONA KIBUKA MUSOKE, A PERSON OF UNSOUND MIND (APPLICATION FOR ADMINISTRATION OF HER ESTATE BY NORAHLWANGA, SARAH KIBUKA AND MABEL SITE) (HC)... .54 IN THE MATTER OF SOPHIA RUTH CHAPMAN (APPLICATION FOR AN ADOPTION ORDER BY KENNETH BLAIR CHAPMAN AND LYNN JANISH CHAPMAN) (HC)..... .52 N THE MATTER OF THE ESTATE OF THE LATE YUSUF KALANZI (AN APPLICATION FOR A CERTIFICATE OF OCCUPANCY BY BEATRICE N. KALANZI) (HC)....... ..64 JOSEPH ELELU. CHARLES OKWALINGA, AUGUSTINE OKURUT Vs. ECHELU ENGWAU AND JOSEPH RICHARD (CA)..... .36 JULIUSRWABINUMI Vs. HOPE BAHIMBISOMWE (SC).... .23 KABALE EDRIS BUYONDO Vs. KAMYA GODFREY MUTUMBA (HC)........... 55 KAMPALA DISTRICT LAND BOARD VS., VENANSIO BABWEYAKA AND 3 OTHERS (SC)... .27 KASEKYA KASAlJA SYLVAN Vs. ATTORNEY GENERAL (HC).... .....72 KASIRYE, BYARUHANGA & C0. ADVOCATES Vs. MUGERWA PIUS & MUGALASI (CA)... .46 LIVINGSTONE NSUMBA MEMBE Vs. FIBIANO MAYOGA HC)... ..81 LUCIANO DE SANCTIS Vs. JACK WAVAMUNO AND NORTH AND SOUTH CO. (U)LTD (HC)... ....51 MOSES SEMANDA KAZIBWE Vs. JAMES SEN YONDO KATONGOLE (HC)...5 OKELLO ALBINO AYELLA Vs. BARNABAS ORYEMA (HC)... .79 RICHARD WABULO AND SAMUEL KIVUMBI Vs. DICK KINTU (CA)....... .J* SIMON PETER OTOI Vs. NATIONAL WATER AND SEWERAGE CORPORATION (CA).....38 SITENDA SEBALU V's. HON. SAM KALEGA NJUBA AND ELECTORAL COMMISSION (SC)....10 THE ADMINISTRATOR GENERAL THROUGH THE LAWFUL ATTORNEY KYOMUHENDO JOLLY CHRISTINE Vs. THE NATIONAL SOCIAL SECURITY FUND, BASAIJA DAVID KISEMBO T/A ULTIMATE COURT BAILIFFS AND AUCTIONEERS, FULUGENCE …15 MUNGEREZA (SC)... THE COMMISSIONER GENERAL UGANDA REVENUE AUTHORITY Vs MEERA INVESTMENTS LTD (SC)...17 UGANDA Vs. MUWONGE ANDREW AND 5 OTHERS (HC)…1 UGANDA PROJECTS IMPLEMENTATION AND MANAGEMENT CENTRE Vs UGANDA REVENUE AUTHORITY (CC).....29
650 _aHigh court bulletin
_967649
650 _aCourt of appeal
_914984
700 _aMufasha Didas Bakunzi
_967683
700 _aNalule Rose Kawesi
_967691
700 _aNkunyingi Muwada
_967684
942 _2ddc
_cBOOK
999 _c40183
_d40182